La gestión científica de los stocks / (Record no. 35724)

MARC details
000 -LEADER
campo de control de longitud fija 00723nam a2200217 i 4500
001 - NÚMERO DE CONTROL
campo de control 35724
003 - IDENTIFICADOR DE NÚMERO DE CONTROL
campo de control ES-MaACL
005 - FECHA Y HORA DE LA ÚLTIMA TRANSACCIÓN
campo de control 20250902030609.0
007 - CAMPO FIJO DE DESCRIPCIÓN FÍSICA--INFORMACIÓN GENERAL
campo de control de longitud fija t|
008 - DATOS DE LONGITUD FIJA--INFORMACIÓN GENERAL
campo de control de longitud fija 030213s1973 sp ||||1| spa d
100 1# - ENTRADA PRINCIPAL--NOMBRE DE PERSONA
Nombre de persona Brefort, Daniel.
9 (RLIN) 31556
245 13 - MENCIÓN DEL TÍTULO
Título La gestión científica de los stocks /
Mención de responsabilidad, etc. Daniel Brefort, Maurce Nussembaum ; [traducción, Fabián García-Prieto Buendía].
260 ## - PUBLICACIÓN, DISTRIBUCIÓN, ETC.
Lugar de publicación, distribución, etc. [Madrid] :
Nombre del editor, distribuidor, etc. Guadiana,
Fecha de publicación, distribución, etc. [1973]
300 ## - DESCRIPCIÓN FÍSICA
Extensión 138 p. :
Otras características físicas il. ;
Dimensiones 18 cm.
490 1# - MENCIÓN DE SERIE
Mención de serie La vida de la empresa
700 1# - ENTRADA AGREGADA--NOMBRE PERSONAL
Nombre de persona Nussembaum, Maurice.
9 (RLIN) 86250
700 1# - ENTRADA AGREGADA--NOMBRE PERSONAL
Nombre de persona García-Prieto Buendía, Fabián.
9 (RLIN) 55117
830 03 - PUNTO DE ACCESO ADICIONAL DE SERIE-TÍTULO UNIFORME
Título uniforme La vida de la empresa
9 (RLIN) 181597
852 ## - LOCALIZACIÓN
Ubicación ES-MaACL
Número de control de estantería C-52908
Sublocalización o colección R.86263
Holdings
Estatus retirado Estado de pérdida Estado de daño No para préstamo Biblioteca de origen Biblioteca actual Ubicación en estantería Fecha de adquisición Fuente de adquisición Total de préstamos Signatura topográfica completa Código de barras Visto por última vez Precio de reemplazo Tipo de ítem Koha
        Biblioteca del Ateneo de Madrid Biblioteca del Ateneo de Madrid Depósito 2 17/01/2008     C-52908 1037413 23/02/2023 23/02/2023 Libro impreso